| 000 | 00407nam a2200109Ia 4500 | ||
|---|---|---|---|
| 008 | 160909s9999 xx 000 0 und d | ||
| 100 | _aWard, Kelsie | ||
| 245 | _aArtifice: Deconstructing the Divide Between Natural and Synthetic Environments | ||
| 260 |
_bSouthern Illinois University at Edwardsville. _c2016 |
||
| 650 | _aMULTIMEDIA ARTS | ||
| 856 | _uhttp://pqdtopen.proquest.com/doc/1809763116.html?FMT=ABS | ||
| 999 |
_c304331 _d304331 |
||